• 首页
  • 本馆介绍
  • 公告通知
  • 最新文献
  • 馆藏检索
  • 电子资源
  • 读者导购
  • 参考咨询
  • 我的图书馆
  • 登录
  • 详细信息显示
  • 放入我的书架
  • 预约/预借图书
  • 作者相关作品
  • 分类相关作品
  • 丛书相关作品
  • 出版社相关作品

书目信息

  • 表格格式
  • 工作单格式
  • 卡片格式
题名:
水产遗传育种学
    
 
作者: 桂建芳 编著
分册:  
出版信息: 北京   科学出版社  2021.06
页数: 388页
开本: 26cm
丛书名:
单 册:
中图分类: S917
科图分类:
主题词: 渔业--基础科学
电子资源:
ISBN: 7-03-066273-3
000 00587nam0 2200193 450
001 2337282035
005 20230215102331.35
010    @a7-03-066273-3@dCNY98.00
100    @a20230215d2021 km y0chiy0120 ea
101 0  @achi
102    @aCN@b110000
200 1  @a水产遗传育种学@AShui Chan Yi Chuan Yu Zhong Xue@f桂建芳等编著@FGui Jian Fang Deng Bian Zhu
210    @a北京@c科学出版社@d2021.06
215    @a388页@d26cm
606 0  @a渔业@x基础科学
690    @aS917@v4
701  0 @a桂建芳@AGui Jian Fang@4编著
801  0 @aCN@b大连网信软件有限公司图书馆·11@c20230215
905    @aZUCC@dS917@e62
    
    水产遗传育种学/桂建芳等编著.-北京:科学出版社,2021.06
    388页;26cm
    
    
    ISBN 7-03-066273-3:CNY98.00
    
●
相关链接 在E读中查询图书 在五车中查询图书 在当当中查询图书 在豆瓣中查询图书


正题名:水产遗传育种学     索取号:S917/62         预约/预借

序号 登录号 条形码 馆藏地/架位号 状态 备注
1 1052695   210526956   第二样本阅览室/ [索取号:S917/62] 在馆    
唐山师范学院图书馆 欢迎您!
大连网信软件有限公司© 版权所有